Общие вопросы технологии тонкой керамики (Запись № 11980386)
[ простой вид ]
| 000 -МАРКЕР | |
|---|---|
| контрольное поле | 02043nam0a2200325 4500 |
| 001 - ИДЕНТИФИКАТОР ЗАПИСИ | |
| контрольное поле | RU\NLR\BIBL_A\011824917 |
| 005 - ИДЕНТИФИКАТОР ВЕРСИИ | |
| контрольное поле | 20181025152618.0 |
| 010 ## - МЕЖДУНАРОДНЫЙ СТАНДАРТНЫЙ НОМЕР КНИГИ (ISBN) | |
| Номер (ISBN) | 978-5-7996-2393-7 |
| Тираж | 50 |
| 021 ## - НОМЕР ГОСУДАРСТВЕННОЙ РЕГИСТРАЦИИ | |
| Код страны | Российская Федерация |
| Номер | КН-П-18-069418 |
| Номер Листа государственной регистраци | КН-П-18-4988 |
| 035 ## - ДРУГИЕ СИСТЕМНЫЕ НОМЕРА | |
| Идентификатор записи | (NLR Aleph) 011824917 |
| 035 ## - ДРУГИЕ СИСТЕМНЫЕ НОМЕРА | |
| Идентификатор записи | (RuMoRGB)009746675 |
| 100 ## - ДАННЫЕ ОБЩЕЙ ОБРАБОТКИ | |
| Данные общей обработки | 20181016d2018 u y0rusy50 ca |
| 101 0# - ЯЗЫК РЕСУРСА | |
| Язык текста, звукозаписи и т.д. | русский |
| 102 ## - СТРАНА ПУБЛИКАЦИИ ИЛИ ПРОИЗВОДСТВА | |
| Страна публикации | Российская Федерация |
| 105 ## - ПОЛЕ КОДИРОВАННЫХ ДАННЫХ: ТЕКСТОВЫЕ МАТЕРИАЛЫ, МОНОГРАФИЧЕСКИЕ | |
| Кодированные данные о монографическом текстовом документе | z ||000z |
| 200 1# - ЗАГЛАВИЕ И СВЕДЕНИЯ ОБ ОТВЕТСТВЕННОСТИ | |
| Основное заглавие | Общие вопросы технологии тонкой керамики |
| Сведения, относящиеся к заглавию | учебное пособие для студентов вуза, обучающихся по направлениям подготовки 18.03.01 и 18.04.01 - Химическая технология |
| Первые сведения об ответственности | А. С. Толкачева, И. А. Павлова |
| Последующие сведения об ответственности | Министерство образования и науки Российской Федерации, Уральский федеральный университет имени первого Президента России Б. Н. Ельцина, [Институт новых материалов и технологий] |
| 210 ## - ПУБЛИКАЦИЯ, РАСПРОСТРАНЕНИЕ И ДР. | |
| Место издания, распространения и т.д. | Екатеринбург |
| Имя издателя, распространителя и т. д. | Изд-во Уральского университета |
| Дата издания, распространения и т.д. | 2018 |
| 215 ## - ФИЗИЧЕСКАЯ ХАРАКТЕРИСТИКА | |
| Специфическое обозначение материала и объем | 183 с. |
| Другие сведения о физической характеристике | ил., табл. |
| Размеры | 20 |
| 300 ## - ОБЩИЕ ПРИМЕЧАНИЯ | |
| Текст примечания | На 4-й с. обл. авт.: А. С. Толкачева, к.т.н., доц., И. А. Павлова, к.х.н., доц. |
| 320 ## - ПРИМЕЧАНИЯ О НАЛИЧИИ В ДОКУМЕНТЕ БИБЛИОГРАФИИ / УКАЗАТЕЛЯ | |
| Текст примечания | Библиогр.: с. 180-181 (24 назв.) |
| 606 1# - НАИМЕНОВАНИЕ ТЕМЫ КАК ПРЕДМЕТ | |
| Наименование темы | Тонкая керамика |
| Тематический подзаголовок | Производство |
| Формальный подзаголовок | Учебные издания для высших учебных заведений |
| Код системы | nlr_sh2 |
| Идентификатор авторитетной/нормативной записи | RU\NLR\AUTH\6601643266 |
| 686 1# - ИНДЕКСЫ ДРУГИХ КЛАССИФИКАЦИЙ | |
| Индекс | Л427я73-1 |
| 700 #1 - ИМЯ ЛИЦА - ПЕРВИЧНАЯ ОТВЕТСТВЕННОСТЬ | |
| Начальный элемент ввода | Толкачева |
| Часть имени, кроме начального элемента ввода | А.С. |
| Расширение инициалов личного имени | Анна Сергеевна |
| 701 #1 - ИМЯ ЛИЦА - АЛЬТЕРНАТИВНАЯ ОТВЕТСТВЕННОСТЬ | |
| Начальный элемент ввода | Павлова |
| Часть имени, кроме начального элемента ввода | И. А. |
| Дополнения к именам, кроме дат | канд. техн. наук, хим. технологии |
| Расширение инициалов личного имени | Ирина Аркадьевна |
| Идентификатор авторитетной/нормативной записи | RU\NLR\AUTH\770146797 |
| 942 ## - ДОПОЛНИТЕЛЬНЫЕ ЭЛЕМЕНТЫ ЗАПИСИ (АБИС) | |
| Тип экземпляра АБИС | Книга |
| 980 ## - КОЛЛЕКЦИЯ | |
| Название коллекции | НБР |
| 980 ## - КОЛЛЕКЦИЯ | |
| Название коллекции | Национальная библиография |
Нет доступных экземпляров.